000 00854nam a2200217 a 4500
003 0
005 20250616102940.0
008 021114s19uu xx 00 eng d
050 _aPGS LB 2806.36
_b.Su939 1999
100 _aSuarez, Nicole Antoanette F.
245 _aInstitutional culture of Southville International School as practiced by grade students school year 1998-1999 /.
_cSuarez, Nicole Antoanette F.
260 _aLas PiƱas City, Philippines :
_bSouthville International School and Colleges,
_c1999.
300 _a30 pages ;
_billustrations ;
_c28 cm.
504 _aIncludes bibliographical references.
650 _aSchool culture
_vCase studies.
650 _aStudents
_vConduct of life.
650 _aSchool environment.
650 _aEducational sociology.
650 _aValues
_vStudy and teaching (Elementary).
942 _2lcc
_cPASS
999 _c96135
_d96135